What Else Can I Do? Encanto - All Lyrics - Statistics

General Stats
  • This quiz has been taken 755 times
    608 since last reset
  • The average score is 266 of 379
Answer Stats
Answer % Correct
I
99%
do?
97%
do?)
97%
do
97%
(Do
97%
do)
97%
can
96%
Can
96%
What
96%
(What
96%
what
96%
A
95%
a
95%
else
95%
else?
95%
it
94%
It
94%
So
92%
in
91%
just
89%
perfect
89%
perfect?
89%
and
88%
And
88%
be
88%
be?
88%
something
88%
Something
88%
Bring
87%
bring
87%
of
87%
made
86%
me
86%
new
86%
the
86%
The
86%
It's
85%
it's
85%
not
85%
But
83%
you
83%
you?
83%
You
83%
mine
82%
mine)
82%
go
81%
(go)
81%
unexpected
80%
roses
79%
to
79%
or
78%
beautiful
77%
by
77%
grow
77%
(grow)
77%
make
77%
poses
77%
de
76%
my
76%
sharp
76%
your
75%
if
74%
know
74%
mile
74%
moment
74%
moment?
74%
rows
74%
hurricane
72%
let
72%
smile
72%
could
71%
who
71%
behind
70%
feel
70%
much
69%
need
69%
symmetrical
69%
where
69%
goin')
67%
hides
67%
vines
67%
feelin
65%
is
65%
mayo
65%
when
65%
didn't
64%
practiced
64%
was
64%
hanging
63%
Hanging
63%
needed
63%
you're
63%
Flor
62%
knew
60%
see
60%
going?
59%
Let's
57%
want
57%
don't
56%
grew
56%
(How
56%
how
56%
How
56%
eyes
54%
pretty
54%
as
53%
dream
53%
little
53%
wont
53%
air
52%
All
52%
all
52%
Careful
52%
jacarandas
52%
like
52%
(This
52%
this
52%
been
51%
far
51%
Good
51%
opened
51%
sick
51%
talk
51%
through
51%
Through
51%
Free
49%
life's
49%
seem
49%
since
49%
us
49%
climb
48%
figs
48%
hugs
48%
Strangling
47%
are
46%
deliver
46%
down?)
46%
fills
46%
rise
46%
rise?
46%
shiver
46%
true
46%
wanna
46%
(Whoa)
46%
carnivorous
45%
roots
45%
I'm
44%
these
44%
awesome
43%
fine)
43%
push
42%
river
42%
roof,
41%
Palma
39%
sundew?
39%
Hey
38%
skies
38%
cera
37%
blossoms
36%
keep
32%
truly
32%
way
32%
clear
30%
that
30%
deeply
29%
they'd
28%
walk
28%
Everybody
27%
madly
27%
okay
27%
Woah)
27%
owe
26%
I'll
25%
(seize
25%
(big)
24%
can't
24%
coming
24%
with
24%
minds
23%
changing
22%
still
22%
boo-yeah)
21%
here
21%
imperfect?
20%
'em
19%
Making
19%
(Making
19%
(woo)
19%
woo
19%
(You've
19%
changed
18%
nothing
18%
waves
18%
waves)
18%
(There's
17%
'cause
16%
well
16%
clearer
14%
(Show
14%
(she's
13%
tabebuia
12%
No matching quizzes found
Score Distribution
Percent of People with Each Score
Percentile by Number Answered
Your Score History
You have not taken this quiz since the last reset